|
|
|
|
| LEADER |
00000cam a22000004a 4500 |
| 001 |
musev2_50012 |
| 003 |
MdBmJHUP |
| 005 |
20230905045207.0 |
| 006 |
m o d |
| 007 |
cr||||||||nn|n |
| 008 |
860825s1986 onc o 00 0 eng d |
| 020 |
|
|
|a 9780889207110
|
| 020 |
|
|
|z 0889207119
|
| 020 |
|
|
|z 9781554585267
|
| 035 |
|
|
|a (OCoLC)1016808130
|
| 040 |
|
|
|a MdBmJHUP
|c MdBmJHUP
|
| 100 |
1 |
|
|a Martin, Heather,
|d 1950-
|
| 245 |
1 |
0 |
|a W.B. Yeats :
|b Metaphysician as Dramatist /
|c Heather C. Martin.
|
| 264 |
|
1 |
|a Waterloo, Ont. :
|b Wilfrid Laurier University Press,
|c 1986.
|
| 264 |
|
3 |
|a Baltimore, Md. :
|b Project MUSE,
|c 2018
|
| 264 |
|
4 |
|c ©1986.
|
| 300 |
|
|
|a 1 online resource (168 pages).
|
| 336 |
|
|
|a text
|b txt
|2 rdacontent
|
| 337 |
|
|
|a computer
|b c
|2 rdamedia
|
| 338 |
|
|
|a online resource
|b cr
|2 rdacarrier
|
| 505 |
0 |
|
|a "Metaphors for Poetry" -- "Spirits and Their Relations" -- "Bitter Memory": Forgetting, Acquiring Memories, and Remembering -- "He Burns the Earth as if He Were a Fire": Chance, Choice, and the Spiritual Seeker in the Drama -- The Completed Symbol.
|
| 588 |
|
|
|a Description based on print version record.
|
| 600 |
1 |
7 |
|a Yeats, W. B.
|q (William Butler),
|d 1865-1939.
|2 fast
|0 (OCoLC)fst00029120
|
| 600 |
1 |
6 |
|a Yeats, W. B.
|q (William Butler),
|d 1865-1939
|x Symbolisme.
|
| 600 |
1 |
6 |
|a Yeats, W. B.
|q (William Butler),
|d 1865-1939
|x Philosophie.
|
| 600 |
1 |
6 |
|a Yeats, W. B.
|q (William Butler),
|d 1865-1939
|x Oeuvres dramatiques.
|
| 600 |
1 |
5 |
|a Yeats, W. B.
|q (William Butler),
|d 1865-1939
|x Symbolism.
|
| 600 |
1 |
5 |
|a Yeats, W. B.
|q (William Butler),
|d 1865-1939
|x Philosophy.
|
| 600 |
1 |
5 |
|a Yeats, W. B.
|q (William Butler),
|d 1865-1939
|x Dramatic works.
|
| 600 |
1 |
0 |
|a Yeats, W. B.
|q (William Butler),
|d 1865-1939
|x Symbolism.
|
| 600 |
1 |
0 |
|a Yeats, W. B.
|q (William Butler),
|d 1865-1939
|x Philosophy.
|
| 600 |
1 |
0 |
|a Yeats, W. B.
|q (William Butler),
|d 1865-1939
|x Dramatic works.
|
| 650 |
|
7 |
|a Symbolism.
|2 fast
|0 (OCoLC)fst01140749
|
| 650 |
|
7 |
|a Philosophy.
|2 fast
|0 (OCoLC)fst01060777
|
| 650 |
|
7 |
|a Criticism and interpretation.
|2 fast
|0 (OCoLC)fst01198648
|
| 650 |
|
7 |
|a POETRY
|x English, Irish, Scottish, Welsh.
|2 bisacsh
|
| 655 |
|
7 |
|a Electronic books.
|2 local
|
| 710 |
2 |
|
|a Project Muse.
|e distributor
|
| 830 |
|
0 |
|a Book collections on Project MUSE.
|
| 856 |
4 |
0 |
|z Texto completo
|u https://projectmuse.uam.elogim.com/book/50012/
|
| 945 |
|
|
|a Project MUSE - Custom Collection
|
| 945 |
|
|
|a Project MUSE - Archive Complete Supplement VI
|
| 945 |
|
|
|a Project MUSE - Archive Literature Supplement VI
|